000 00461nam a2200181Ia 4500
005 20250425161256.0
008 250425s9999 xx 000 0 und d
041 _aspa
082 _aIBM4381
100 _aORELLANA, LUIS E.
245 0 _aLA EMPRESA POPULAR ECUATORIANA: REALIDADES, AVANCES Y PERSPECTIVAS
250 _a1A ED.
260 _aEcuador
_bFUNDACION GUAYAQUIL
_c1988
260 _aGUAYAQUIL
300 _a491
942 _c01
010 _a16662
999 _c205929
_d205929